| 000 | 00812nam a2200193Ia 4500 | ||
|---|---|---|---|
| 008 | 151121s9999||||xx |||||||||||||| ||und|| | ||
| 082 | _a833-/प्रभाक | ||
| 082 | _bHNW-50883 | ||
| 100 | _aप्रभाकर विष्णु-संपा। | ||
| 245 | _aयह तो सार्वजनिक पैसा है | ||
| 260 | _b"सस्ता साहित्य मण्डल प्रकाशन, न। दिल्ली" | ||
| 260 | _c-- | ||
| 300 | _a112 | ||
| 600 | _aप्रभाकर विष्णु-संपा। | ||
| 630 | _aयह तो सार्वजनिक पैसा है | ||
| 700 | _aप्रभाकर विष्णु-संपा। | ||
| 730 | _aयह तो सार्वजनिक पैसा है | ||
| 942 | _cBOOK | ||
| 999 |
_c1235393 _d1235390 |
||